00629nam a2200169Ia 4500008004100000020001500041041000800056082001500064100002300079245010300102250000600205260004100211300001200252650004700264999001900311952012900330210716s2003 xx 000 0 und d a0393058549 aeng a332.6 MALB aMalkiel, Burton G. aRandom walk guide to investing: ten rules for financial success.bTen rules for financial success. a1 aNew YorkbW.W Norton & companyc2003 axix,202 aInvestment Analysis & Portfolio Management c201841d201841 00102ddc40738MBAaAIMITbAIMITd2007-08-20g495.00l0o332.6 MALBpMBA04407r2025-07-21 00:00:00v396.00w2021-07-16yBK